Metódy a formy podieľania sa poistencov na zisku životnej poisťovne diplomová práca

Na minha lista:
Detalhes bibliográficos
Autor principal: Šimonová, Andrea
Autor Corporativo: Fakulta hospodárskej informatiky EU. Katedra matematiky
Outros Autores: Sakálová, Katarína, 1955-
Formato: Livro
Idioma:eslovaco
Publicado em: Bratislava 2011
Tags: Adicionar Tag
Sem tags, seja o primeiro a adicionar uma tag!

MARC

LEADER 00000nbm a2200000 4500
001 0132331
005 20161109101807.8
041 0 |a slo 
044 |a SK 
245 1 0 |a Metódy a formy podieľania sa poistencov na zisku životnej poisťovne  |b diplomová práca  |c Andrea Šimonová ; školiteľ: Katarína Sakálová 
264 1 |a Bratislava  |c 2011 
300 |a 95 s. 
100 1 |a Šimonová, Andrea 
700 1 |a Sakálová, Katarína, 1955- 
710 2 |a Fakulta hospodárskej informatiky EU. Katedra matematiky